00529nam a2200085Ia 4500008004100000100004700041245025200088260007600340650002700416160725s9999 xx 000 0 und d aAdamos, Lisandro, A. & Ducut, Fulgencio D. 3aAn implementation of an attendance monitoring system for computer laboratories in the college division of southville international school and colleges using biometric technology. Kaizen Research Journal College of Information Technology, 1, 19-30. bKaizen Research Journal College of Information TechnologycJanuary 2014 aINFORMATION TECHNOLOGY